| 000 | 01839nam a2200289Ia 4500 | ||
|---|---|---|---|
| 999 |
_c53243 _d53243 |
||
| 001 | 20284 | ||
| 003 | GE_BSU | ||
| 005 | 20200821220228.0 | ||
| 008 | 181216s1941||||ge |||||||||||||| ||geo|| | ||
| 040 | _cGE_BSU | ||
| 041 | _ageo | ||
| 080 | _a81'374.823=353.1=411.21=222.1 გ-69 | ||
| 100 |
_aგორგიჯანიძე, ფ. _99276 |
||
| 245 |
_aქართულ-არაბულ-სპარსული ლექსიკონი / _cწინასიტყვ. ავტ. და გამომც. ვ. ფუთურიძე ; რედ. გ. წერეთელი |
||
| 264 |
_aთბილისი : _bსაქ. სსრ მეცნ. აკად. გამ-ბა, _c1941. |
||
| 300 | _a69გვ. ; 26სმ. | ||
| 500 | _aდამატებითი თავფურცელი რუსულ და ინგლისურ ენებზე ; წინასიტყვაობა ქართულ, რუსულ და ინგლისურ ენებზე | ||
| 504 | _aბიბლიოგრაფია, წინასიტყვაობა, შენიშვნები, დანართი, საძიებლები : გვ. 44-68 | ||
| 541 | _h1ლ. | ||
| 653 | _aქართულ-არაბულ-სპარსული ლექსიკონი | ||
| 653 | _aქართული ენა | ||
| 700 |
_aფუთურიძე, ვ. _eწინასიტყვაობის ავტორი და გამომცემელი _99277 |
||
| 700 |
_aწერეთელი, გ. _eრედაქტორი _99278 |
||
| 710 |
_aსაქართველოს სსრ მეცნიერბათა აკადემია _99279 |
||
| 710 |
_aენის ინსტიტუტი _98135 |
||
| 942 |
_cBK _2udc |
||